Ứng dụng đặc trưng trong nhận dạng tiếng Việt /
Đã lưu trong:
| Tác giả chính: | |
|---|---|
| Tác giả khác: | |
| Định dạng: | Bài viết |
| Ngôn ngữ: | Vietnamese |
| Những chủ đề: | |
| Các nhãn: |
Thêm thẻ
Không có thẻ, Là người đầu tiên thẻ bản ghi này!
|
| Thư viện lưu trữ: | Thư viện Trường Đại học Đà Lạt |
|---|
| LEADER | 00821nam a2200253 4500 | ||
|---|---|---|---|
| 001 | DLU040026459 | ||
| 008 | ##021230t vn z000 vie d | ||
| 040 | # | # | |a DLU |b vie |
| 041 | # | # | |a vie |
| 100 | # | # | |a Đoàn Phan Long |
| 245 | # | # | |a Ứng dụng đặc trưng trong nhận dạng tiếng Việt / |c Đoàn Phan Long,Nguyễn Ngọc San |
| 653 | # | # | |a Ứng dụng tin học |
| 653 | # | # | |a Tiếng Việt |
| 700 | # | # | |a Nguyễn Ngọc San |
| 773 | # | # | |t Tạp chí Khoa học và Công nghệ |g tập 41, số 6-2003 (43), tr. 1-8 |
| 920 | # | # | |a Phòng Tạp chí -- Trung tâm Thông tin - Thư viện Trường Đại học Đà Lạt |
| 994 | # | # | |a DLU |
| 900 | # | # | |a True |
| 911 | # | # | |a Thái Thị Thanh Thủy |
| 925 | # | # | |a G |
| 926 | # | # | |a A |
| 927 | # | # | |a BB |
| 980 | # | # | |a Thư viện Trường Đại học Đà Lạt |